Central Library OPAC University of Rajshahi

Treason by the book / (Record no. 77450)

MARC details
000 -LEADER
fixed length control field 01028cam a22003374a 4500
001 - CONTROL NUMBER
control field 77450
003 - CONTROL NUMBER IDENTIFIER
rucl marc code BD-RjUL
005 - DATE AND TIME OF LATEST TRANSACTION
control field 20211209082954.0
008 - FIXED-LENGTH DATA ELEMENTS--GENERAL INFORMATION
fixed length control field 200917s2001 nyub b 001 0beng d
020 ## - INTERNATIONAL STANDARD BOOK NUMBER
International Standard Book Number 0670892920 (alk. paper)
035 ## - SYSTEM CONTROL NUMBER
System control number (BD-RjUL)
040 ## - CATALOGING SOURCE
Original cataloging agency DLC
Transcribing agency DLC
Modifying agency DLC
-- BD-RjUL
Language of cataloging eng
041 ## - LANGUAGE CODE
Language code of text/sound track or separate title eng
042 ## - AUTHENTICATION CODE
Authentication code pcc
043 ## - GEOGRAPHIC AREA CODE
Geographic area code a-cc---
082 00 - DEWEY DECIMAL CLASSIFICATION NUMBER
Classification number 951.032092
Edition number 21
100 1# - MAIN ENTRY--PERSONAL NAME
Personal name Spence, Jonathan D.
9 (RLIN) 241452
245 10 - TITLE STATEMENT
Title Treason by the book /
Statement of responsibility, etc. Jonathan D. Spence.
264 ## - PRODUCTION, PUBLICATION, DISTRIBUTION, MANUFACTURE, AND COPYRIGHT NOTICE
Place of production, publication, distribution, manufacture New York, N.Y. :
Name of producer, publisher, distributor, manufacturer Viking,
Date of production, publication, distribution, manufacture, or copyright notice 2001.
300 ## - PHYSICAL DESCRIPTION
Pagination xvi, 300 pages :
Illustrations map;
Size 25 cm.
336 ## - CONTENT TYPE
Content type term text
Content type code rdacontent
337 ## - MEDIA TYPE
Media type term aunmediated
Media type code rdamedia
338 ## - CARRIER TYPE
Carrier type term volume
Carrier type code rdacarrier
504 ## - BIBLIOGRAPHY, ETC. NOTE
Bibliography, etc Includes bibliographical references ([p. 283]-289) and index.
600 10 - SUBJECT ADDED ENTRY--PERSONAL NAME
Personal name Zeng, Jing,
Dates associated with a name 1679-1736.
Personal name Yongzheng,
Titles and other words associated with a name Emperor of China,
Dates associated with a name 1677-1735.
650 #0 - SUBJECT ADDED ENTRY--TOPICAL TERM
Topical term or geographic name as entry element Revolutionaries
Geographic subdivision China
Form subdivision Biography.
9 (RLIN) 241455
942 ## - ADDED ENTRY ELEMENTS (KOHA)
Source of classification or shelving scheme Dewey Decimal Classification
Koha item type Books
Holdings
Lost status Source of classification or shelving scheme Damaged status Not for loan Permanent Location Current Location Shelving location Date acquired Source of acquisition Cost, normal purchase price Total Checkouts Full call number Date last seen Copy number Koha item type
  Dewey Decimal Classification   Not For Loan Central Library, University of Rajshahi Central Library, University of Rajshahi Reading Room 20/02/2020 American Center Library, Dhaka 2001.00   951.032092 SPT 2001 17/09/2020 C-1 Books